History Quiz

Random History or German Quiz

'I' in History Quiz Stats

 Plays Quiz Updated Dec 5, 2018

Also try: 'J' in History
Challenge
Share
Tweet
Embed
Score 0/20 Timer 05:00
0 Plays Today
Question Answer % Correct
Which country lost around 20% of its population to potato famine in the 1840s?Ireland
94.6%
Barack Obama was a senator for which US State from 2005-2008?Illinois
91.8%
Which country was known as Persia until 1933?Iran
91.7%
Which city was formerly known as Constantinople?Istanbul
89.7%
Which epic Greek poem tells the story of the siege of Troy?Iliad
84.1%
Which Latin American empire referred to themselves as Tawantinsuyu, meaning 'four parts together?'Inca
84%
Who was the first person to be crowned Tsar of All Russia in 1547?Ivan the Terrible
80%
Which Japanese island was immortalized after a battle by an image of soldiers raising the US flag?Iwo Jima
78.4%
In Greek mythology, who died after flying too close to the sun?Icarus
77.7%
Which company's chairman allegedly said, 'I think there is a world market for five computers?'IBM
73.7%
Question Answer % Correct
Which 19th century art movement derives its name from an 1872 Claude Monet work?Impressionism
71.6%
Which peninsula was contested during the Peninsular War?Iberia
66.6%
Who was the Egyptian goddess of motherhood, magic, and fertility?Isis
66.4%
Which institution, begun in the 12th century, introduced torture in the persecution of heresy?Inquisition
61.5%
Of which country was Albert Einstein offered presidency?Israel
61.3%
Which German military decoration was first awarded in 1813?Iron Cross
56.5%
Which Native American people fought the French in the Beaver Wars?Iroquois
54.3%
Which style of classical architecture originated in the 6th century BC in southwestern Asia Minor?Ionic
43.4%
Which international organization, formed in 1923, is currently based in Lyon?Interpol
19.5%
The first complete fossil of which aquatic reptile was discovered in 1811 by Mary Anning?Ichthyosaur
13%

You're not logged in!

Compare scores with friends on all Sporcle quizzes.
OR
Log In

You Might Also Like...

Show Comments

Extras

Top Quizzes Today


Score Distribution

Your Account Isn't Verified!

In order to create a playlist on Sporcle, you need to verify the email address you used during registration. Go to your Sporcle Settings to finish the process.

Report this User

Report this user for behavior that violates our Community Guidelines.

Details: